| 000 | 00602nam a22002057a 4500 | ||
|---|---|---|---|
| 005 | 20170124105939.0 | ||
| 010 | _aB-219691 | ||
| 020 |
_c00.00 _a8174453199 |
||
| 035 | _aB-219691 | ||
| 037 | _bCen Lib/Ret | ||
| 040 |
_aDPL _bEN |
||
| 082 |
_a330.03 _bMAH |
||
| 100 |
_aMahajan,Manoj _93255 |
||
| 245 |
_aDictionary of economics / _cby Manoj Mahajan |
||
| 260 |
_aNew Delhi _bMohit Publications _c2005 |
||
| 270 |
_a4675/21,Ansari Road Darya Ganj _bNew Delhi _e110002 |
||
| 300 |
_a268p. _c21cm(Hb) |
||
| 650 |
_aEconomics--Dictionaries _973881 |
||
| 942 |
_2ddc _cEN _h330.03 _mMAH |
||
| 999 |
_c124457 _d124457 |
||